000 00836cam a2200277 a 4500
001 3825989
003 Ke-BoTe
005 20211102020002.0
008 860410s1986 ilu b 000 0 eng
010 _a 86050430
020 _a0842312498 (pbk.)
040 _aDLC
_cDLC
_dDLC
050 0 0 _aBF575.S75
_bB86 1986
082 0 0 _a248.8/6
_219
100 1 _aBurron, Arnold.
_998
245 1 0 _aGuaranteed steps to managing stress /
_cArnold Burron, Jerry Crews.
260 _aWheaton, Ill. :
_bTyndale House Publishers,
_cc1986.
300 _a227 p., [4] ;
_c21 cm.
504 _aBibliography: p. [231].
650 0 _aStress (Psychology)
_999
650 0 _aChristian life.
_9100
700 1 _aCrews, Jerry.
_9101
906 _a7
_bcbc
_corignew
_d3
_eocip
_f19
_gy-gencatlg
942 _2lcc
_cBK
_n0
_01
999 _c26
_d26